Slovenské platby dobehnú Európu
Bankové platby čakajú zmeny. Od februára budúceho roka budú všetky zahraničné platby (SEPA - Single euro payment area), ktoré sa uskutočnia v eurách a medzi určitými krajinami, považované za domáce. Zavedením SEPA sa zjednocujú podmienky pre eurové platby v rámci EÚ a ďalších krajín Európskeho hospo...
Uložené v:
| Hlavný autor: | |
|---|---|
| Ďalší autori: | |
| Médium: | Kapitola |
| Jazyk: | Slovak |
| Predmet: | |
| Tagy: |
Žiadne tagy, Buďte prvý, kto otaguje tento záznam!
|
MARC
| LEADER | 00000naa a2200000 4500 | ||
|---|---|---|---|
| 001 | 0177571 | ||
| 005 | 20231113074938.2 | ||
| 041 | 0 | |a slo | |
| 044 | |a SK | ||
| 245 | 1 | 0 | |a Slovenské platby dobehnú Európu |c Jana Hvozdovičová, Radovan Žuffa |
| 520 | |a Bankové platby čakajú zmeny. Od februára budúceho roka budú všetky zahraničné platby (SEPA - Single euro payment area), ktoré sa uskutočnia v eurách a medzi určitými krajinami, považované za domáce. Zavedením SEPA sa zjednocujú podmienky pre eurové platby v rámci EÚ a ďalších krajín Európskeho hospodárskeho priestoru. | ||
| 610 | 2 | 0 | |a platby bezhotovostné |
| 610 | 2 | 0 | |a euro |
| 610 | 2 | 0 | |a banky |
| 610 | 2 | 0 | |a styk platobný bezhotovostný |
| 610 | 2 | 0 | |a styk platobný medzinárodný |
| 100 | 1 | |a Hvozdovičová, Jana | |
| 700 | 1 | |a Žuffa, Radovan | |